| 000 | 02433nam a22003977a 4500 | ||
|---|---|---|---|
| 003 | dpl | ||
| 005 | 2010031106046.0 | ||
| 007 | DVD | ||
| 008 | 080917t xxu||||| |||| 00| 0 eng d | ||
| 010 | _aDVD-006369-6375 | ||
| 024 |
_2TSDVD-2458 _c49.00 |
||
| 035 | _aDVD-006369-6375 | ||
| 040 |
_aDPL _cDPL |
||
| 082 | _aDVD KARZ | ||
| 245 |
_aKarz (New) _cGulshan Kumar Presents _h[Videorecording] DVD / |
||
| 260 |
_aNew Delhi _bSuper Cassettes Industries Ltd. |
||
| 300 |
_a1 Videodisc DVD; _bsd., col.; _c4 3/4 in. _fDVD |
||
| 440 | _aSuper Cassette Industries | ||
| 538 | _aDolby Digital 2.1; Subtitles, English, Tamil, Telgu; Regions, Universal | ||
| 650 | _a Motion Picture | ||
| 700 | _aReshammiya, Himesh | ||
| 700 | _aMatondkar, Urmila | ||
| 700 | _aShweta Kumar | ||
| 700 | _aMorea, Dino | ||
| 700 | _aBabbar, Raj | ||
| 700 | _aDenzonagpa, Danny | ||
| 942 |
_2ddc _cCF _hDVD _mKARZ |
||
| 999 |
_c34594 _d34594 |
||